Super Smash Bros. Fighters #16 - The Sheik Quiz - Statistics

General Stats
  • This quiz has been taken 169 times
  • The average score is 10 of 15
Answer Stats
Hint Answer % Correct
What is Sheik’s true indentity? Zelda
100%
What year was this game released in? 1998
93%
What colour are the eyes of those in the clan? Red
93%
What game is Sheik most prominently featured in? The Legend of Zelda: Ocarina of Time
91%
What clan of ninjas does Sheik claim to belong to? Sheikah
88%
Who raised Sheik and was her loyal protector? Impa
81%
What instrument does Sheik play? Harp
78%
This pirate captain is sometimes referred to as “Toon Sheik”: Tetra
78%
What Zelda game contains concept art of Sheik, despite the fact she was never planned to appear in the game? The Legend of Zelda: Twilight Princess
63%
Where in Hyrule do the people of this clan live? Kakariko Village
61%
Where does Sheik reveal this to Link? Temple of Time
57%
Which Breath of the Wild armour set is based on Sheik’s design? {Stealth} Set
48%
Name a song that Link can learn from Sheik in this game: Minuet of Forest, Bolero of Fire…
44%
What ninja weapon is Sheik’s silver material drop in Hyrule Warriors? Sheik’s {Kunai}
25%
What headpiece is Sheik’s gold material drop in Hyrule Warriors? Sheik’s {Turban}
12%
No matching quizzes found
Score Distribution
Percent of People with Each Score
Percentile by Number Answered
Your Score History
You have not taken this quiz